शोध पद्धति (Research methodology) : (Record no. 52098)

MARC details
000 -LEADER
fixed length control field 00625nam a2200181Ia 4500
005 - DATE AND TIME OF LATEST TRANSACTION
control field 20260429112042.0
008 - FIXED-LENGTH DATA ELEMENTS--GENERAL INFORMATION
fixed length control field 260429s9999||||xx |||||||||||||| ||und||
020 ## - INTERNATIONAL STANDARD BOOK NUMBER
International Standard Book Number 9789384640941
041 ## - LANGUAGE CODE
Language Hindi
082 ## - DEWEY DECIMAL CLASSIFICATION NUMBER
Classification number 001.42
Item number KOT
100 ## - MAIN ENTRY--PERSONAL NAME
Personal name कोठारी, एल.एन.
245 #0 - TITLE STATEMENT
Title शोध पद्धति (Research methodology) :
Remainder of title उपकरण और तकनीक /
Statement of responsibility, etc एल.एन. कोठारी
250 ## - EDITION STATEMENT
Edition statement 1st ed.
260 ## - PUBLICATION, DISTRIBUTION, ETC. (IMPRINT)
Place of publication, distribution, etc दिल्ली :
Name of publisher, distributor, etc एकैडमिक पब्लिकेशन,
Date of publication, distribution, etc 2024.
300 ## - PHYSICAL DESCRIPTION
Extent 317 p.; Hb
650 ## - SUBJECT ADDED ENTRY--TOPICAL TERM
Topical term or geographic name as entry element Hindi Literary Research
942 ## - ADDED ENTRY ELEMENTS (KOHA)
Koha item type Text Books
Holdings
Withdrawn status Lost status Damaged status Not for loan Collection code Home library Location Shelving location Date of Cataloging Source of acquisition Total Checkouts Full call number Barcode Date last seen Price effective from Koha item type
        Non-fiction CUTN Central Library CUTN Central Library Generalia 29/04/2026 Kiran Book Service, New Delhi - Invoice No. IN-00113 on 09-02-2026   001.42 KOT 57173 29/04/2026 29/04/2026 Text Books